| 000 | 00729 a2200181 4500 | ||
|---|---|---|---|
| 999 |
_c8034 _d8034 |
||
| 020 | _a9781843346661 (print : paperback) | ||
| 050 | 0 | 0 | _aLB 2369 SUP 2003 |
| 245 | 0 | 0 |
_aSupporting research writing : _broles and challenges in multilingual settings / _cedited by Valerie Matarese. |
| 264 | 1 |
_aOxford : _bChandos Publishing, _c2013. |
|
| 300 | _axliv, 285 pages ; | ||
| 500 | _aIncludes bibliographical references and index. | ||
| 504 | _aIncludes bibliographical references and index. | ||
| 650 | 0 |
_aAcademic writing _xStudy and teaching. |
|
| 650 | 0 |
_aAuthorship _xStudy and teaching. |
|
| 700 | 1 |
_aMatarese, Valerie. _eeditor |
|
| 942 |
_2lcc _cBK _h2369 _iSUP _kLB |
||